Navždy s láskou Lara Jean /
Dívčí román je posledním dílem série o Laře Jean a o jejích problémech s láskou.
Uloženo v:
| Série: | Všem klukům, které jsem milovala,
část 3 |
|---|---|
| Hlavní autor: | |
| Další autoři: | |
| Médium: | E-kniha |
| Jazyk: | Czech |
| Vydáno: |
V Praze :
CooBoo,
2021
|
| Vydání: | 2. vydání |
| Témata: | |
| Příbuzné jednotky: | Z cyklu::
Všem klukům, které jsem milovala |
| Tagy: |
Žádné tagy |
| LEADER | 02774nam a2200541 i 4500 | ||
|---|---|---|---|
| 001 | 311310 | ||
| 003 | CZ PrSKC | ||
| 005 | 20260601215703.0 | ||
| 007 | ta | ||
| 008 | 210426s2021 xr d 000 f cze | ||
| 015 | |a cnb003321098 | ||
| 020 | |a 9788076611863 |q (brožováno) : |c Kč 249,00 | ||
| 035 | |a (OCoLC)1260124262 | ||
| 040 | |a ABG001 |b cze |e rda | ||
| 041 | 1 | |a cze |h eng | |
| 072 | 7 | |a 821.111(73)-3 |x Americká próza |2 Konspekt | |
| 072 | 7 | |a 821-93 |x Literatura pro děti a mládež (beletrie) |2 Konspekt | |
| 080 | |a 821.111(73)-31 |2 MRF | ||
| 080 | |a 821-93-053.67 |2 MRF | ||
| 080 | |a 821-93 |2 MRF | ||
| 080 | |a (0:82-31)-055.25 |2 MRF | ||
| 100 | 1 | |a Han, Jenny, |d 1980- |7 xx0163112 |4 aut | |
| 240 | 1 | 0 | |a Always and forever, Lara Jean. |l Česky |
| 245 | 1 | 0 | |a Navždy s láskou Lara Jean / |c Jenny Hanová ; přeložila Romana Bičíková |
| 250 | |a 2. vydání | ||
| 264 | 1 | |a V Praze : |b CooBoo, |c 2021 | |
| 300 | |a 291 stran ; |c 20 cm | ||
| 336 | |a text |b txt |2 rdacontent | ||
| 337 | |a bez média |b n |2 rdamedia | ||
| 338 | |a svazek |b nc |2 rdacarrier | ||
| 500 | |a Přeloženo z angličtiny | ||
| 520 | 2 | |a Dívčí román je posledním dílem série o Laře Jean a o jejích problémech s láskou. |b Lara chodí se svým úžasným přítelem Peterem, připravuje se na svatbu svého otce a je šťastná. Bohužel ví, že tak to nebude navždy. Musí se rozhodnout, kam půjde na vysokou, přátelé ji postupně opouštějí, aby si také mohli začít plnit svoje sny, a život začíná být plný změn. Co se stane, když se dostane na jinou školu, než původně plánovala kvůli Peterovi navštěvovat, a co když se jí tato škola líbí a nechce se jí kvůli Peterovi vzdát? Má vůbec pak jejich vztah šanci? | |
| 655 | 7 | |a americké romány |7 fd131796 |2 czenas | |
| 655 | 7 | |a dívčí romány |7 fd132186 |2 czenas | |
| 655 | 7 | |a literatura young adult |7 fd1185572 |2 czenas | |
| 655 | 7 | |a publikace pro mládež |7 fd133157 |2 czenas | |
| 655 | 9 | |a American fiction |2 eczenas | |
| 655 | 9 | |a girls' novels |2 eczenas | |
| 655 | 9 | |a young adult literature |2 eczenas | |
| 655 | 9 | |a juvenile literature |2 eczenas | |
| 700 | 1 | |a Bičíková, Romana, |d 1986- |7 xx0161614 |4 trl | |
| 787 | 0 | 8 | |i Z cyklu: |t Všem klukům, které jsem milovala |g 3 |
| 900 | |a ABA001 |b 20 | ||
| 928 | 9 | |a Albatros Media - CooBoo | |
| 044 | |a xr | ||
| 910 | |a RBIT002 | ||
| 998 | |d 316363 |a https://core.palmknihy.cz/api/books/316363/cover?s85tef |b https://core.palmknihy.cz/api/books/316363/cover/400?s85tef |c https://core.palmknihy.cz/api/books/316363/cover/50?s85tef |e 2028-01-06 |g 296 |i 9788076611863 |j https://core.palmknihy.cz/api/books/316363/preview.epub |k https://core.palmknihy.cz/api/books/316363/preview.pdf |l |q 49 |r 1 |s https://www.palmknihy.cz/kniha/316363 |t ebook |y 2021 |z 0 | ||
| 999 | |d 311308 | ||